|
|
|
|
| LEADER |
00000nam0a2200000 4500 |
| 001 |
126360 |
| 005 |
20231101220006.0 |
| 035 |
|
|
|a (RuTPU)RU\TPU\book\136700
|
| 090 |
|
|
|a 126360
|
| 100 |
|
|
|a 20071127d2006 k y0rusy50 ca
|
| 101 |
0 |
|
|a rus
|
| 102 |
|
|
|a RU
|
| 105 |
|
|
|a a z 101zy
|
| 200 |
1 |
|
|a Прогрессивные технологии и экономика в машиностроении
|e труды X научно-практической конференции студентов и учащейся молодежи: сборник, Юрга, 2006
|f Томский политехнический университет (ТПУ) ; Юргинский технологический институт (филиал)
|
| 210 |
|
|
|a Юрга
|c Изд-во ТПУ
|d 2006
|
| 215 |
|
|
|a 105 с.
|c ил.
|
| 320 |
|
|
|a Библиография в конце статей
|
| 330 |
|
|
|a В сборнике представлены материалы по современным проблемам автоматизации производства, экономики, гуманитарного и естественнонаучного образования, содержатся результаты теоретических исследований и практической реализации научно-исследовательских работ. Сборник подготовлен в ЮТИ ТПУ в г. Юрге и предназначен для студентов технических и экономических специальностей.
|
| 610 |
1 |
|
|a машиностроение
|
| 610 |
1 |
|
|a прогрессивные технологии
|
| 610 |
1 |
|
|a экономика
|
| 610 |
1 |
|
|a технология
|
| 610 |
1 |
|
|a агроинженерия
|
| 610 |
1 |
|
|a металлургия
|
| 610 |
1 |
|
|a автоматизация
|
| 610 |
1 |
|
|a естественнонаучное образование
|
| 610 |
1 |
|
|a безопасность жизнедеятельности
|
| 610 |
1 |
|
|a физическая культура
|
| 610 |
1 |
|
|a гуманитарные науки
|
| 610 |
1 |
|
|a филология
|
| 610 |
1 |
|
|a конференции
|
| 675 |
|
|
|a 621.002:658(063)
|v 3
|
| 702 |
|
1 |
|a Чинахов
|b Д. А.
|c специалист в области сварочного производства
|c доцент Юргинского технологического института (филиала) Томского политехнического университета
|f 1973-
|g Дмитрий Анатольевич
|2 stltpush
|3 (RuTPU)RU\TPU\pers\24212
|4 340
|9 10706
|
| 712 |
0 |
2 |
|a Томский политехнический университет (ТПУ)
|z 1991-
|2 stltpush
|3 (RuTPU)RU\TPU\col\376
|
| 712 |
1 |
2 |
|a Прогрессивные технологии и экономика в машиностроении
|b конференция
|d 10
|e Юрга
|f 2006
|
| 801 |
|
1 |
|a RU
|b 63413507
|c 20071127
|g PSBO
|
| 801 |
|
2 |
|a RU
|b 63413507
|c 20150903
|g PSBO
|
| 942 |
|
|
|c BK
|